United States imports of merchandise for consumption country of origin by subgroup. Ft. 120

Uložené v:
Podrobná bibliografia
Médium: Seriál
Jazyk:English
Vydavateľské údaje: Washington U.S. Department of Commerce
Tagy: Pridať tag
Žiadne tagy, Buďte prvý, kto otaguje tento záznam!

MARC

LEADER 00000nas1a2200000$$$4500
001 0010771
005 20250730114819.9
041 0 |a eng 
044 |a US 
245 1 0 |a United States imports of merchandise for consumption  |b country of origin by subgroup. Ft. 120 
264 1 |a Washington  |b U.S. Department of Commerce